01258nam a2200325 i 450000500170000000700030001700800410002002000180006104000350007904100080011408400110012210000360013324501030016924600240027225000220029626400410031830000410035933600270040033700330042733800280046052100630048854500750055165000500062665000520067665000400072865000420076865000380081065000300084870000540087820220317002036.0ta201111s2013 ck a br 000 pdspa d a9789588568294 aCO-BoRNBPbspaerdacCO-BoRNBP0 aspa aP POM11 aPombo, Rafaeld1833-1912eautor10aCartilla objetiva, o, alfabeto imaginario cRafael Pombo ; con dibujos de Sergio Trujillo Magnenat32aAlfabeto imaginario aPrimera edición 1aBogotábLa Silueta Edicionesc2013 a[72] páginasbilustracionesc17 cm 2rdacontentatextobtxt 2rdamediaasin mediaciónbn 2rdacarrieravolumenbnc aRecomendado para un público infantil mayor de 6 años  aIncluye datos biográficos del autor e ilustrador al inicio del texto172LEMBaPoesía infantil colombianaySiglo XIX17aLiteratura infantil colombianaySiglo XIX2LEMB17aPoetas colombianosySiglo XIX2LEMB17aAlfabetoxEnseñanza elemental2LEMB17aJuego de palabrasvPoesía2LEMB17aEscrituravPoesía2LEMB1 aTrujillo Magnenat, Sergio d1911-1999eilustrador